| 000 | 00726nam a22002297a 4500 | ||
|---|---|---|---|
| 003 | URS | ||
| 005 | 20250826192325.0 | ||
| 008 | 250826b |||||||| |||| 00| 0 eng d | ||
| 020 | _a978-1-83947-463-7 | ||
| 040 |
_erda _cURS _bEnglish |
||
| 050 | 1 | 0 |
_aRC966 _b.M798 2024 |
| 100 |
_aMontoya, Nikolai, _eauthor. _96411 |
||
| 245 | 0 | 0 |
_aEssentials for occupational health nursing / _cNikolai Montoya. |
| 264 |
_aUnited Kingdom : _bEd-Tech Press, _c©2024. |
||
| 300 |
_avi, 248 pages ; _c28 cm. |
||
| 336 |
_atext _btxt _2rdacontent |
||
| 337 |
_aunmediated _bn _2rdamedia |
||
| 338 |
_avolume _bnc _2rdacarrier |
||
| 504 | _aIncludes bibliographical references and index. | ||
| 650 | 0 |
_aIndustrial nursing. _96412 |
|
| 942 |
_2lcc _cR |
||
| 999 |
_c84502 _d84500 |
||